Vista normal
Vista MARC
Entrada Personal Name
Número de registros utilizados en: 2
001 - CONTROL NUMBER
- control field: 9583
003 - CONTROL NUMBER IDENTIFIER
- control field: DLC
005 - DATE AND TIME OF LATEST TRANSACTION
- control field: 20210422152319.0
008 - FIXED-LENGTH DATA ELEMENTS
- fixed length control field: 190404n| azannaabn |a aaa
010 ## - LIBRARY OF CONGRESS CONTROL NUMBER
- LC control number: n 2019182005
035 ## - SYSTEM CONTROL NUMBER
- System control number: (DNLM)1816226
040 ## - CATALOGING SOURCE
- Original cataloging agency: DNLM
- Language of cataloging: spa
- Transcribing agency: Mx-PuUPA
- Description conventions: rda
- Modifying agency: Mx-PuUPA
100 1# - HEADING--PERSONAL NAME
- Personal name: González Emigdio, Anatolio,
373 ## - ASSOCIATED GROUP
- Associated group: Universidad Panamericana
- Source of term: naf
373 ## - ASSOCIATED GROUP
- Associated group: Universidad Nacional Autónoma De México
374 ## - OCCUPATION
- Occupation: Autor
375 ## - GENDER
- Gender: hombre
377 ## - ASSOCIATED LANGUAGE
- Language code: spa
400 1# - SEE FROM TRACING--PERSONAL NAME
- Personal name: Emigdio, Anatolio González
670 ## - SOURCE DATA FOUND
- Source citation: La transfusión sanguínea, 2016:
- Information found: title page (Anatolio González Emigdio) front flap (Dr. Anatolio González Emigdio, doctor en derecho por la Universidad Panamericana)
670 ## - SOURCE DATA FOUND
- Source citation: Diccionario de Grafoscopía y documentoscopía, 2014:
- Information found: portada (Anatolio Gonzélez Emigdio)
670 ## - SOURCE DATA FOUND
- Source citation: Biblioteca del congreso (Estados Unidos), 12 julio 2019:
- Information found: catálogo electrónico
- Uniform Resource Identifier: https://bit.ly/3axf6bf